000 00820nam a2200241 4500
001 13441
003 HDC
007 cr bn ---aaaaa
008 210212c xx dr|nes 0 a eng d
040 _aHDC
245 0 _aWorld Halal Research Summit 2012 to capitalise on innovation
260 _a[No place] :
_b[publisher not identified],
_c[no year]
336 _atext
_2rdacontent
337 _acomputer
_2rdamedia
338 _aonline resource
_2rdacarrier
650 _aHalal food industry
_9128
650 _aTechnological innovations
_9402
710 _aNew Sarawak Tribune
856 _zRequest full-text at [email protected]
942 _2lcc
942 _cNEWS
942 _kNWSC 004405
999 _c10757
_d10757